|
|
|
|
| LEADER |
01092nam a2200361 4500 |
| 001 |
DLU090094074 |
| 005 |
##20091201 |
| 040 |
# |
# |
|a DLU
|b eng
|
| 041 |
# |
# |
|a eng
|
| 044 |
# |
# |
|a us
|
| 245 |
# |
# |
|a Removal of hexavalent chromium from wastewater using a new composite chitosan biosorbent /
|c Veera M. Boddu ... [et al.].
|
| 653 |
# |
# |
|a Adsorption capacity
|
| 653 |
# |
# |
|a Adsorption isotherm
|
| 653 |
# |
# |
|a Biological purification
|
| 653 |
# |
# |
|a Biopolymer
|
| 653 |
# |
# |
|a Chitosan
|
| 653 |
# |
# |
|a Heavy metal
|
| 653 |
# |
# |
|a Metallurgical industry
|
| 653 |
# |
# |
|a Oxide ceramics
|
| 700 |
# |
# |
|a Abburi, Krishnaiah.
|
| 700 |
# |
# |
|a Boddu, Veera M.
|
| 700 |
# |
# |
|a Smith, Edgar D.
|
| 700 |
# |
# |
|a Talbott, Jonathan L.
|
| 773 |
# |
# |
|t Environmental Science & Technology
|g Vol. 37, no. 19 (October 2003), p. 4449-4456
|
| 920 |
# |
# |
|a Phòng Tạp chí -- Trung tâm Thông tin - Thư viện Trường Đại học Đà Lạt
|
| 994 |
# |
# |
|a DLU
|
| 900 |
# |
# |
|a True
|
| 911 |
# |
# |
|a Trương Bảo Trâm Anh
|
| 925 |
# |
# |
|a G
|
| 926 |
# |
# |
|a A
|
| 927 |
# |
# |
|a BB
|
| 980 |
# |
# |
|a Thư viện Trường Đại học Đà Lạt
|